000
002390000a22000970004500
100
1
_a
Nouwen, Henri J. M. (1932-1996)
245
1
0
_a
Liberation : Freedom to love
300
_a
Núm 7 (1985), Páginas 14-15
773
0
_t
Together
942
_c
ANA
999
_c
56992
_d
56992